|
|
|
|
| LEADER |
01380nam a2200313 a 4500 |
| 001 |
14553592 |
| 008 |
100830s2007 mauae b 000 0deng d |
| 999 |
|
|
|c 9425
|d 9425
|
| 010 |
|
|
|a 2006030939
|
| 015 |
|
|
|a GBA724048
|2 bnb
|
| 016 |
7 |
|
|a 013704232
|2 Uk
|
| 020 |
|
|
|a 9780262532914 (pbk. : alk. paper)
|
| 020 |
|
|
|a 0262532913 (pbk. : alk. paper)
|
| 040 |
|
|
|a DLC
|c DLC
|d BAKER
|d UKM
|d BTCTA
|d C#P
|d YDXCP
|d DLC
|d DB-DhAAL
|
| 082 |
0 |
0 |
|a 724.6
|2 22
|
| 100 |
1 |
|
|a Cadwell, Mike,
|d 1952-
|9 32337
|
| 245 |
1 |
0 |
|a Strange details /
|c Michael Cadwell.
|
| 260 |
|
|
|a Cambridge, Mass. :
|b MIT Press,
|c c2007.
|
| 300 |
|
|
|a xxi, 183 p. :
|b ill., plans ;
|c 21 cm.
|
| 490 |
0 |
|
|a Writing architecture
|
| 504 |
|
|
|a Includes bibliographical references.
|
| 505 |
0 |
|
|a Introduction, "making strange" -- Swimming at the Querini Stampalia Foundation -- The Jacobs House, burning fields -- Flooded at the Farnsworth House -- The Yale Center for British Art, yellow light and blue shadow.
|
| 526 |
|
|
|a ARC
|
| 541 |
1 |
|
|e 00020872
|
| 650 |
|
0 |
|a Architecture, Modern
|y 20th century
|v Case studies.
|9 32338
|
| 650 |
|
0 |
|a Building
|v Case studies.
|9 32339
|
| 852 |
4 |
|
|a Ayesha Abed Library
|j General Shelf.
|
| 942 |
|
|
|2 ddc
|c BK
|
| 952 |
|
|
|0 0
|1 0
|2 ddc
|4 0
|6 724_600000000000000_CAD_2007
|7 0
|9 11841
|a BRACUL
|b BRACUL
|c GEN
|d 2010-09-15
|e TRIM EDUCATION
|g 2730.00
|l 6
|m 28
|o 724.6 CAD
|p 3010020872
|r 2025-02-20
|s 2024-10-28
|t 1
|w 2010-09-15
|y BK
|